000 01468cam a22004574i 4500
003 PE-LiUPU
005 20250731173455.0
008 150616s r 000 0 d
020 _a0851513794
035 _a(Sirsi) i9780851513799
040 _aPE-LiUPU
_bspa
_cPE-LiUPU
_erda
049 _aPRUA
082 0 4 _a227.9307
_bLl64
_221
100 1 _aLloyd-Jones, D. M.,
_eautor.
245 1 0 _aExpository Sermons on 2 Peter /
_cD. M. Lloyd-Jones.
264 1 _aPennsylvania :
_bThe Banner of Truth,
_c1983.
300 _a263 páginas ;
_c21 centímetros
336 _atext
_2rdacontent
337 _aunmediated
_2rdamedia
338 _avolume
_2rdacarrier
505 0 _aEstudio del libro de 2 Pedro.
526 _aSEG42
526 _aSEG41
526 _aSEG40
526 _aSEG39
526 _aP94
526 _aP87
526 _aP86
526 _aP85
526 _aP77
526 _aP76
526 _aP35
630 _aBiblia.
_pN.T.
_pPedro
_xComentarios.
910 _ajck
_bjvq
_cjck
942 _2ddc
_cBOOK
949 _a227.9307 LL64
_wDEWEY
_c1
_i39943
_lCCODEBUL1
_mBUL
_r0
_sY
_tBOOK
_u2015-6-16
_xTEOLOGIA
_zUNKNOWN
_0COMPRA
_o.STAFF. Colección General
994 _aC0
_bPEPRU
596 _a1
999 _a227.9307 LL64
_wDEWEY
_c57719
_i39943
_f2021-11-9
_g5
_lCCODEBUL1
_mBUL
_r0
_sY
_tBOOK
_u2015-6-16
_xTEOLOGIA
_zUNKNOWN
_0COMPRA
_o.STAFF. Colección General
_d57719
980 _81
_gALBERTO SANCHEZ Responsable de Automatización